Statistics for World Famous Athletes

Click here to take the quiz!

General Stats

  • This quiz has been taken 67 times
  • The average score is 11 of 16

Answer Stats

Answer% Correct
Lionel Messi
98%
Cristiano Ronaldo
95%
Serena Williams
92%
LeBron James
90%
Tiger Woods
89%
Usain Bolt
89%
Roger Federer
82%
Michael Phelps
72%
Zlatan Ibrahimović
72%
Conor McGregor
69%
Tom Brady
66%
Kevin Durant
64%
Lewis Hamilton
51%
Mike Trout
43%
Alex Morgan
38%
Mo Farah
38%

Score Distribution

Percentile by Number Answered

Percent of People with Each Score

Your Score History

You have not taken this quiz